Normal view
MARC view
- التوراة- الانجيل- الكتب المقدسة
Entry Topical Term
001 - CONTROL NUMBER
- control field: 50228
003 - CONTROL NUMBER IDENTIFIER
- control field: JO-AjAnu
005 - DATE AND TIME OF LATEST TRANSACTION
- control field: 20230606082254.0
008 - FIXED-LENGTH DATA ELEMENTS
- fixed length control field: 230606|| aca||aabn | a|a d
040 ## - CATALOGING SOURCE
- Original cataloging agency: JO-AjAnu
- Transcribing agency: JO-AjAnu
150 ## - HEADING--TOPICAL TERM
- Topical term or geographic name entry element: التوراة- الانجيل- الكتب المقدسة
670 ## - SOURCE DATA FOUND
- Source citation: Work cat.: (JO-AjAnu)25680: أبو عواد، إبراهيم, author 50227, التناقض في التوراة والأناجيل